00840nam a22002177a 4500008004100000020001800041050001800059100003500077245007200112260003700184300002800221337001000249338001400259339001200273490003000285500010700315650004800422942001200470952012300482999001700605140930b 2011mx ||||| |||| 00| 0 spa d a9786077521099 aQ180 D54 2011 aDIETERICH, Heinze/autor91264 aNueva guía para la investigación científicac/Heinz Dieterich aMéxicob:Orfila Valentic,2011 a286 páginase1 CD-ROM atexto asin medio avolumen aColección Universitaria aEducación Flexible Maestría en Derecho Penal / Seminario de Investigación (M02-1) / (17 002026)14aINVESTIGACIÓNxESTUDIO Y ENSEÑANZA9638 cLB2lcc 00104070a22b22d2014-09-30ePromotora NAROl3oQ180 D54 2011p17 002026r2017-06-10s2017-06-10t1w2014-09-30yLB c94337d94337